Presidents of the Democratic Republic of the Congo by Picture - Statistics

General Stats
  • This quiz has been taken 20 times
  • The average score is 4 of 5
Answer Stats
Picture Hint Answer % Correct
1965-1997 Mobutu Sese Seko
100%
1960-1965 Joseph Kasa-Vubu
93%
2001-2019 Joseph Kabila
86%
1997-2001 Laurent-Désiré Kabila
86%
2019-Present Félix Tshisekedi
79%
No matching quizzes found
Score Distribution
Percent of People with Each Score
Percentile by Number Answered
Your Score History
You have not taken this quiz